000 00919nas a2200301 4500
001 BR0600022
003 BR-BrBNA
005 20231205105730.0
007 ta
008 230509b bl.|||p| |||| 00| 00por d
040 _aBR-BrBNA
_bpor
_cBiblioteca Nacional de Agricultura
041 _a(Pt)
072 _aF61
100 1 _aBraz, A.J.B.P.
100 1 _aSilveira, P.M. da
100 1 _aKliemann, H.J.
100 1 _aZimmermann, F.J.P.
245 1 _aAcumulação de nutrientes em folhas de milheto e dos capins Braquiária e Mombaça
650 _aCAPIM BRACHIÁRIA
650 _aPAINÇO
650 _aPANICUM MAXIMUM
650 _aPENNISETUM GLAUCUM
650 _aNUTRIENTE
650 _aABSORÇÃO DE NUTRIENTES
773 0 _tPesquisa Agropecuária Tropical (Brazil)
_xISSN 1517-6398
_g(May-Aug 2004), v. 34(2) p. 83-87
_wBR0600022
909 _a202311
_bLúcia
_c55
_dLúcia Elande
942 _2AGRIS
_n0
_cANA
999 _c184397
_d184397